Tropical timber products : development of further processing in ITTO producer countries

Bibliographic Details
Corporate Authors: INTERNATIONAL Trade Centre UNCTAD/WTO, International Tropical Timber Organization (ITTO)
Format: Book
Published: Geneva : ITC/ITTO , 2002
Subjects:

MARC

LEADER 00000cam a2200000 7i4500
001 0000001936
005 20020522.0
020 0 0 |a 9291372048 
090 0 0 |a ITTO338.1749   |b ITC 2002 
110 1 0 |a INTERNATIONAL Trade Centre UNCTAD/WTO 
245 1 0 |a Tropical timber products :   |b development of further processing in ITTO producer countries 
260 0 0 |a Geneva :   |b ITC/ITTO ,   |c 2002 
300 |a 152 p. ;   |c 29 cm. 
650 0 0 |a Forest products 
710 1 1 |a International Tropical Timber Organization (ITTO) 
998 |a JPSM 
999 |a 0000003232   |b Monograph   |c Reference   |e Default branch